000 00599nam a2200205 i 4500
001 bgj
100 1 _aFELDMAN, Robert [Stephen]
245 1 0 _aSocial Psychology :
_btheories, research, and applications /
_cRobert S. Feldman.
260 _aNew York [etc.] :
_bMcGraw-Hill Book Company,
_cc. 1985.
300 _aXXV, 596 pp :
_bill. ;
_c25 cm.
504 _aBibliography p. 539-579.
505 _aIncludes index.
650 9 _aSocial psychology
020 _a007020392
040 _cBPK
041 0 _aeng
920 _a0-07-020392
942 _cKS
008 s uk f |000 0 eng
999 _c47618
_d47618
856 _uhttp://koha.tu.koszalin.pl/cgi-bin/koha/opac-detail.pl?biblionumber=47618
_yKatalog online BPK